01005 a2200193 45000010006000000050017000060080041000230030015000640400040000790800070001192450117001890200018003062640043003243000019003675050291003861000019006777000021006968560094007173509020260407155635.0260407a1994 arg spa dAR-UNSa-BCEJYS aAR-UNSa-BCEJYSbspacAR-UNSa-BCEJYS a658.014xEstructura organizativa. Jerarquización. (Organigrama)10aRe-estructurando empresasplas nuevas estructuras de redes para diseñar las organizaciones del próximo siglo a950-537-289-2 1aBuenos Aires :bEdiciones Macchic1994 a277 p.c23 cm. a1. Visión mecanica de la empresa - 2. ¿Para que sirven los organigramas? - 3. La empresa dentro de una red dinamica de variables - 4. Las empresas como sistemas dinamicos - 5. Interacción estrategia- estructura-cultura - 6. Configuraciones estracturales - 7. Estructura de redes - 1 aSerra, Roberto1 aKastika, Eduardo41uhttps://biblioeco.unsa.edu.ar/pmb/images/libros/L65250.jpgyImagen de portadaqimage/jpeg